000 00582nam a2200241 a 4500
001 0001-1355
003 ELIB.Books
008 151028 2010 eng
020 _a0800790960
035 _a(ELIB.Books)0001-1510
092 _a956
_bCha
100 _aChacour, Elias.
245 _aBlood Brothers
260 _aNew York
_bChosen Books
_c1984
300 _a224
_c20.3 Cm
500 _aC/o Par Si Thu
650 _aBiography
856 _nKBTS: Library
_uKBTS: Elib
942 _2ddc
_cBK
990 _a1
998 _cbat
_e2015-10-28
999 _c11355
_d11355